Star Wars Canon Timeline - Statistics

General Stats
  • This quiz has been taken 49 times
  • The average score is 18 of 30
Answer Stats
Answer % Correct
Attack of the Clones
93%
The Phantom Menace
89%
The Clone Wars
86%
Revenge of the Sith
82%
The Acolyte
79%
A New Hope
71%
Return of the Jedi
71%
Tales of the Jedi
71%
The Empire Strikes Back
71%
The Clone Wars
68%
The Rise of Skywalker
68%
The Bad Batch
64%
The Force Awakens
64%
The Last Jedi
64%
Rebels
61%
Rogue One
61%
The Book of Boba Fett
61%
The Mandalorian
61%
Ahsoka
57%
Andor
57%
Solo
57%
Young Jedi Adventures
57%
Obi-Wan Kenobi
54%
Resistance
50%
Tales of the Empire
46%
Fallen Order
32%
Battlefront II
25%
Survivor
18%
Squadrons
14%
Vader Immortal
7%
No matching quizzes found
Score Distribution
Percent of People with Each Score
Percentile by Number Answered
Your Score History
You have not taken this quiz